[Event "Summer Team Tournament 2020"]
[Site "Skype"]
[Date "????.??.??"]
[Round "4"]
[White "Ryan, Lea"]
[Black "Sosa, Juan Carlos"]
[Result "0-1"]
[WhiteElo "1371"]
[BlackElo "1000"]
[PlyCount "48"]

1. d4 Nf6 2. Bf4 d5 3. e3 Nc6 4. Nf3 Bg4 5. Nbd2 e5 6. dxe5 Nxe5 7. Bxe5 Qe7 8.
Be2 Bxf3 9. Nxf3 Ng4 10. Bg3 O-O-O 11. O-O h6 12. h3 Nf6 13. Bd3 Ne4 14. Bxe4
dxe4 15. Nd4 g5 16. Qe1 Bg7 17. Qa5 a6 18. Nf5 Qd7 19. Nxg7 f6 20. Nf5 Rh7 21.
b4 Qd2 22. Nd4 Rdd7 23. b5 Qxa5 24. bxa6 Qxa6 0-1

[Event "Summer Team Tournament 2020"]
[Site "Skype"]
[Date "????.??.??"]
[Round "4"]
[White "Yepez, German"]
[Black "Codina, Teresa"]
[Result "1-0"]
[WhiteElo "1000"]
[BlackElo "1189"]
[PlyCount "109"]

1. e4 e5 2. Nf3 d6 3. d4 exd4 4. Nxd4 Nf6 5. Bd3 Bd7 6. c3 Be7 7. O-O O-O 8. h3
Nc6 9. Be3 Ne5 10. f4 Ng6 11. Nd2 c5 12. Nf5 Qe8 13. Nf3 b5 14. Qe1 c4 15. Bc2
Bc6 16. Bd4 Qd7 17. Qg3 Bxe4 18. Nxe7+ Qxe7 19. Rae1 d5 20. f5 Nh5 21. Qf2 Ngf4
22. Re3 f6 23. Qh4 Qf7 24. Bd1 Bd3 25. Rfe1 Be4 26. Rf1 a6 27. Rf2 Bxf5 28. g4
Qg6 29. Ne1 Be4 30. Bf3 Bxf3 31. Rexf3 Rae8 32. Ng2 Nxg2 33. Kxg2 Re4 34. Qxh5
Qxh5 35. gxh5 h6 36. Rf5 Rfe8 37. Rxd5 Re2 38. Rd6 Rxf2+ 39. Kxf2 a5 40. Bb6 a4
41. Rd8 Kf7 42. Rxe8 Kxe8 43. Kf3 f5 44. Kf4 Kf7 45. Kxf5 Ke7 46. Kg6 Kf8 47.
Bd4 Kg8 48. h4 Kf8 49. Bxg7+ Kg8 50. Bxh6 Kh8 51. Bg5 Kg8 52. h6 Kh8 53. Bf6+
Kg8 54. h7+ Kf8 55. h8=Q# 1-0

[Event "Summer Team Tournament 2020"]
[Site "Skype"]
[Date "????.??.??"]
[Round "4"]
[White "Ambrosino, Theo"]
[Black "Rapaire, Jean-Michel"]
[Result "1/2-1/2"]
[WhiteElo "1684"]
[BlackElo "1880"]
[PlyCount "118"]

1. c4 g6 2. g3 Bg7 3. Bg2 c6 4. Nc3 Nf6 5. e3 O-O 6. b3 e5 7. Bb2 Re8 8. Qc2 d6
9. Nf3 Na6 10. a3 Nc7 11. O-O Bf5 12. e4 Bd7 13. Rfe1 Qc8 14. d4 Bg4 15. dxe5
dxe5 16. Nd2 Bh3 17. Bh1 Ng4 18. f3 Nh6 19. c5 Be6 20. Na4 Nb5 21. b4 Qd8 22.
Rad1 Qg5 23. Nb3 Bxb3 24. Qxb3 Rad8 25. Bc1 Qe7 26. h4 Nd4 27. Qc4 Kh8 28. Bg5
f6 29. Be3 Nb5 30. Qb3 Nf7 31. Nb2 Rxd1 32. Rxd1 Rd8 33. Rd3 Rxd3 34. Qxd3 Qd8
35. Qc4 Qd7 36. a4 Nc7 37. Bg2 Bh6 38. Bxh6 Nxh6 39. Kh2 Qd4 40. Qxd4 exd4 41.
Nd3 Nf7 42. f4 Kg7 43. Bh3 Nd8 44. Kg2 Kf7 45. Kf3 Nde6 46. g4 h6 47. e5 g5 48.
f5 Nf4 49. Nxf4 gxf4 50. e6+ Ke7 51. Kxf4 Nd5+ 52. Kf3 Nxb4 53. Bf1 d3 54. Ke3
Na6 55. Bxd3 Nxc5 56. Bc2 b6 57. Kd4 Kd6 58. Kc4 Nb7 59. Kb4 Na5 1/2-1/2

[Event "Summer Team Tournament 2020"]
[Site "Skype"]
[Date "????.??.??"]
[Round "4"]
[White "L'Herbon de Lussats, Jean"]
[Black "Amato, Ludovica"]
[Result "0-1"]
[WhiteElo "1413"]
[BlackElo "1402"]
[PlyCount "100"]

1. d4 d5 2. g3 Nf6 3. Bg2 c6 4. Nf3 h6 5. b3 Bf5 6. Ba3 Nbd7 7. O-O e6 8. Bxf8
Nxf8 9. c4 N8d7 10. Nbd2 O-O 11. Nh4 Bh7 12. Bh1 Qb6 13. Ndf3 c5 14. cxd5 Nxd5
15. e3 Rfd8 16. Ne5 Nxe5 17. Bxd5 Rxd5 18. Ng2 cxd4 19. Nf4 Rd6 20. Qh5 Nd3 21.
exd4 Rxd4 22. Ne2 Rd6 23. Rad1 Nc5 24. Rd4 Rxd4 25. Nxd4 Rd8 26. Rc1 Rxd4 27.
Qxc5 Qxc5 28. Rxc5 Be4 29. Rc8+ Kh7 30. f4 f5 31. Rc7 Rd1+ 32. Kf2 Rd2+ 33. Ke3
Rc2 34. Rxc2 Bxc2 35. Kd4 Kg6 36. Ke5 Kf7 37. b4 g5 38. h4 Bb1 39. a3 gxh4 40.
gxh4 Ba2 41. Kd4 Bd5 42. Ke5 Kg6 43. a4 a6 44. a5 Kh5 45. Kf6 Kxh4 46. Kg6 h5
47. Kf6 Kg4 48. Ke5 h4 49. Kd4 h3 50. Ke3 h2 0-1

[Event "Summer Team Tournament 2020"]
[Site "Skype"]
[Date "????.??.??"]
[Round "4"]
[White "Pirola, Gabriele"]
[Black "Farfallini, Michel"]
[Result "0-1"]
[WhiteElo "1000"]
[BlackElo "1304"]
[PlyCount "108"]

1. Nf3 Nc6 2. d4 d5 3. Nbd2 e6 4. e3 g6 5. Bb5 Bd7 6. O-O Bg7 7. Re1 Nf6 8. c3
O-O 9. e4 Ne7 10. Bxd7 Qxd7 11. Ne5 Qd6 12. exd5 Nexd5 13. Ndc4 Qd8 14. Qf3 c6
15. Ne3 Nd7 16. Nxd5 Nxe5 17. dxe5 cxd5 18. Qh3 Re8 19. Bh6 Bh8 20. Qf3 a5 21.
Rad1 Qb6 22. Re2 Qc7 23. Qf4 b5 24. Bg5 b4 25. Rc1 Ra6 26. cxb4 Rc6 27. Rxc6
Qxc6 28. bxa5 Qb5 29. Qd2 Bg7 30. h3 h6 31. Bf6 Bf8 32. a3 Rc8 33. Re1 Rb8 34.
b4 Qa4 35. Re3 Rc8 36. Rc3 Rxc3 37. Qxc3 Qd1+ 38. Kh2 d4 39. Qg3 d3 40. a6 d2
41. a7 Qa4 42. Qf3 Qxa7 43. Qd1 Qd4 44. b5 Bc5 45. Bh4 Qc3 46. Bf6 Qc1 47. Qa4
d1=Q 48. Qa8+ Bf8 49. Be7 Qh1+ 50. Kg3 Qc3+ 51. Kf4 g5+ 52. Kg4 Qd4+ 53. Kf3
Qhd1+ 54. Kg3 Qf4# 0-1

[Event "Summer Team Tournament 2020"]
[Site "Skype"]
[Date "????.??.??"]
[Round "4"]
[White "Boudet, Nicole"]
[Black "More, Sanskruti"]
[Result "0-1"]
[WhiteElo "1068"]
[BlackElo "1000"]
[PlyCount "96"]

1. e4 e5 2. Nf3 Nc6 3. d4 exd4 4. Nxd4 Nf6 5. Nxc6 bxc6 6. Bd3 Bc5 7. O-O d6 8.
h3 O-O 9. Qf3 Qe8 10. Bg5 Qe5 11. Bxf6 Qxf6 12. Qxf6 gxf6 13. Nd2 Kh8 14. Nf3
Rg8 15. Kh2 Re8 16. Rae1 a5 17. c3 a4 18. Nh4 Rb8 19. Re2 f5 20. f3 fxe4 21.
fxe4 Be6 22. a3 d5 23. e5 d4 24. c4 Rb3 25. Rd2 Rxd3 26. Rxd3 Bxc4 27. Rc1 Bxd3
28. Rxc5 Be4 29. Rc4 Rd8 30. Nf3 Bxf3 31. gxf3 d3 32. Rc1 d2 33. Rd1 Kg7 34.
Kg2 Kg6 35. f4 Kf5 36. Kf3 c5 37. Ke2 Kxf4 38. Rxd2 Rxd2+ 39. Kxd2 Kxe5 40. Ke3
f5 41. h4 f4+ 42. Kf3 h5 43. Ke2 Ke4 44. Kf2 f3 45. Kf1 Ke3 46. Ke1 f2+ 47. Kf1
c4 48. Kg2 Ke2 0-1

[Event "Summer Team Tournament 2020"]
[Site "Skype"]
[Date "????.??.??"]
[Round "4"]
[White "Calderon, Francisco"]
[Black "Loaisiga Perez, Carlos Alberto"]
[Result "1-0"]
[WhiteElo "1683"]
[BlackElo "1374"]
[PlyCount "109"]

1. e4 c5 2. Nf3 d6 3. Bb5+ Nc6 4. d4 cxd4 5. Nxd4 Bd7 6. Nc3 g6 7. Nxc6 Bxc6 8.
a4 Bg7 9. O-O Qa5 10. Bd2 Nf6 11. Nd5 Qd8 12. Bc3 O-O 13. Nxf6+ Bxf6 14. Bxf6
exf6 15. Qd4 a6 16. Bxc6 bxc6 17. Rfd1 Re8 18. Qxd6 Qxd6 19. Rxd6 Rac8 20. f3
f5 21. exf5 gxf5 22. Rad1 Kg7 23. Kf2 Rc7 24. R1d4 Rce7 25. Rxc6 Re2+ 26. Kg3
Rg8 27. Kh3 Kh8 28. g3 a5 29. Rdc4 Rg5 30. R6c5 Rf2 31. Rf4 Rh5+ 32. Rh4 Rxh4+
33. Kxh4 Rxh2+ 34. Kg5 h6+ 35. Kf6 Rg2 36. Kxf7 Rxg3 37. Rxf5 Rg7+ 38. Kf6 Rg2
39. Rc5 Rg8 40. f4 Kh7 41. Rc7+ Kh8 42. f5 h5 43. Rc3 Kh7 44. Rc7+ Kh6 45. Ke6
h4 46. f6 h3 47. Rc3 Rb8 48. Rxh3+ Kg6 49. Rg3+ Kh7 50. b3 Rc8 51. c4 Rb8 52.
f7 Rb7 53. f8=Q Rb6+ 54. Kd5 Rf6 55. Qg8+ 1-0

[Event "Summer Team Tournament 2020"]
[Site "Skype"]
[Date "????.??.??"]
[Round "4"]
[White "Chamorro Cajina, Ivan Antonio"]
[Black "Pezzolato, Erica"]
[Result "0-1"]
[WhiteElo "1000"]
[BlackElo "1458"]
[PlyCount "66"]

1. e4 d6 2. Bc4 Nf6 3. Nf3 Nxe4 4. Qe2 Nf6 5. Ng5 e6 6. O-O d5 7. Bd3 g6 8. Qf3
h6 9. Nh3 Bg7 10. Nc3 O-O 11. Bb5 Bd7 12. d4 Nc6 13. Be3 a6 14. Ba4 b5 15. Bb3
Qe7 16. Rfe1 e5 17. dxe5 Nxe5 18. Qf4 Bxh3 19. gxh3 c6 20. Bd4 Nfd7 21. Re2 Qf6
22. Qg3 Nf3+ 23. Qxf3 Qxf3 24. Re3 Qf5 25. Bxg7 Kxg7 26. Ne2 Rfe8 27. Ng3 Qg5
28. Rxe8 Rxe8 29. c3 Re2 30. Kh1 Rxb2 31. Bd1 Qd2 32. Bg4 Qxf2 33. Nf1 Qg2# 0-1

[Event "Summer Team Tournament 2020"]
[Site "Skype"]
[Date "????.??.??"]
[Round "4"]
[White "Bosetti, Giancarlo"]
[Black "Mendoza Lainez, Ricardo Jose"]
[Result "0-1"]
[WhiteElo "1356"]
[BlackElo "1226"]
[PlyCount "38"]

1. e4 e5 2. Nf3 Bc5 3. Nxe5 Qf6 4. Nf3 Nc6 5. c3 Nge7 6. d4 Bb6 7. Bd3 d6 8.
O-O O-O 9. Re1 Ng6 10. Nbd2 Nf4 11. e5 dxe5 12. Nxe5 Qg5 13. g3 Nh3+ 14. Kf1
Be6 15. Ndf3 Qf6 16. Bd2 Rad8 17. Qc2 Bg4 18. Nxg4 Qxf3 19. Be2 Qh1# 0-1

[Event "Summer Team Tournament 2020"]
[Site "Skype"]
[Date "????.??.??"]
[Round "4"]
[White "Jarquin, Santiago Antonio"]
[Black "De Fazio, Monica"]
[Result "1-0"]
[WhiteElo "1000"]
[BlackElo "1125"]
[PlyCount "54"]

1. d4 d5 2. Bf4 Nf6 3. Nf3 Bg4 4. e3 Nbd7 5. Bd3 e5 6. dxe5 Nh5 7. Bg5 Be7 8.
Bf4 Nxf4 9. exf4 Bxf3 10. Qxf3 c6 11. O-O Bc5 12. Nd2 Qb6 13. c4 Qxb2 14. Rad1
Qxa2 15. Qe2 Qa6 16. Nf3 dxc4 17. Bxc4 Qa4 18. e6 O-O-O 19. Ne5 Nxe5 20. fxe5
Rxd1 21. Rxd1 Rd8 22. Re1 b5 23. e7 Bxe7 24. Ba2 Bb4 25. Rc1 c5 26. e6 Rd2 27.
exf7 c4 1-0

[Event "Summer Team Tournament 2020"]
[Site "Skype"]
[Date "????.??.??"]
[Round "4"]
[White "Mitrani, Alberto"]
[Black "Aghaee, Samira"]
[Result "1-0"]
[WhiteElo "1428"]
[BlackElo "1131"]
[PlyCount "81"]

1. Nf3 d5 2. c4 c6 3. cxd5 cxd5 4. g3 Nc6 5. Bg2 e6 6. Nc3 Nf6 7. d3 Be7 8. O-O
O-O 9. Bg5 h6 10. Bf4 Nh5 11. Bd2 e5 12. Ne1 Nf6 13. Qb3 Na5 14. Qc2 Be6 15.
Rb1 Qb6 16. Na4 Qb5 17. Nc3 Qb6 18. Na4 Rac8 19. Nxb6 Rxc2 20. Nxc2 axb6 21. b4
Nc6 22. b5 Na7 23. Rfc1 Bd6 24. a4 Rc8 25. Nb4 Bc5 26. Rc2 Rc7 27. Rbc1 Rd7 28.
Rxc5 bxc5 29. Rxc5 b6 30. Rc2 Rd8 31. Rc7 Nc8 32. Nc6 Re8 33. Nxe5 Nd6 34. Bb4
Nf5 35. Nc6 h5 36. Rb7 Nd7 37. Bxd5 Bxd5 38. Rxd7 Bxc6 39. bxc6 Rc8 40. c7 g6
41. Rd8+ 1-0

[Event "Summer Team Tournament 2020"]
[Site "Skype"]
[Date "????.??.??"]
[Round "4"]
[White "Latterra, Jeremias"]
[Black "Aghaee, Shirin"]
[Result "0-1"]
[WhiteElo "1065"]
[BlackElo "1000"]
[PlyCount "62"]

1. e4 e5 2. Nf3 Nc6 3. Bc4 Nf6 4. d3 Bc5 5. O-O O-O 6. Nc3 d6 7. Ne2 a6 8. a4
Na5 9. Ba2 b5 10. axb5 axb5 11. Bd2 Nc6 12. Bd5 Rxa1 13. Qxa1 Bb7 14. c4 bxc4
15. dxc4 Qc8 16. Nc3 Nd4 17. Nxd4 Bxd4 18. Bxb7 Qxb7 19. Be3 Nxe4 20. Bxd4 Nd2
21. Re1 exd4 22. Nd5 Nxc4 23. Ne7+ Kh8 24. Qc1 Nxb2 25. Qf4 Nd3 26. Ng6+ hxg6
27. Qh4+ Kg8 28. Rf1 c5 29. f4 Re8 30. Rf3 f5 31. Rxd3 Qb1+ 0-1

[Event "Summer Team Tournament 2020"]
[Site "Skype"]
[Date "????.??.??"]
[Round "4"]
[White "De Almeida, Renato Barbosa"]
[Black "Khetre, Gaurav"]
[Result "0-1"]
[WhiteElo "1630"]
[BlackElo "1642"]
[PlyCount "35"]

1. e4 e6 2. d4 d5 3. Nd2 c5 4. exd5 exd5 5. dxc5 Bxc5 6. Ngf3 Nf6 7. b3 O-O 8.
Bb2 Re8+ 9. Be2 Bg4 10. O-O Nc6 11. Nd4 Bxd4 12. Bxd4 Bxe2 13. Bxf6 Qxf6 14.
Qc1 Bxf1 15. Nxf1 Nd4 16. Ng3 Ne2+ 17. Nxe2 Rxe2 18. Qd1 0-1

[Event "Summer Team Tournament 2020"]
[Site "Skype"]
[Date "????.??.??"]
[Round "4"]
[White "Bendre, Pankaj"]
[Black "Souza, Joselito Dos Santos"]
[Result "1/2-1/2"]
[WhiteElo "1438"]
[BlackElo "1428"]
[PlyCount "102"]

1. d4 d5 2. Bf4 Bf5 3. e3 e6 4. Nf3 Nf6 5. c3 c6 6. Nbd2 Nbd7 7. Be2 Be7 8. O-O
O-O 9. Qb3 b5 10. Ne5 Nxe5 11. Bxe5 Bd6 12. Nf3 h6 13. h3 Bxe5 14. Nxe5 Ne4 15.
Rfd1 Qb6 16. Nd7 Qc7 17. Nxf8 Kxf8 18. Re1 a5 19. Qd1 Qe7 20. a3 Qh4 21. Rf1 g6
22. Qe1 Ng5 23. f4 Nxh3+ 24. gxh3 Qxh3 25. Rf3 Qg4+ 26. Rg3 Qh4 27. Rg2 Qxe1+
28. Rxe1 Ke7 29. Rh2 h5 30. Rc1 Kd6 31. b3 a4 32. b4 Rh8 33. Kf2 Ke7 34. Rh4
Kf8 35. Rg1 f6 36. Ke1 Kf7 37. Kf2 Kf8 38. Rg3 Kf7 39. Rg1 Kf8 40. Rgh1 Kg7 41.
Rg1 Kf7 42. Rgh1 Kg7 43. Kg3 Kf7 44. Bxh5 gxh5 45. Rxh5 Rg8+ 46. Kf2 Be4 47.
R1h2 Bf5 48. Rh8 Be4 49. Rxg8 Kxg8 50. Rh6 Kg7 51. Rh4 Bg6 1/2-1/2

[Event "Summer Team Tournament 2020"]
[Site "Skype"]
[Date "????.??.??"]
[Round "4"]
[White "Sanches Da Silva, Carlos Eduardo"]
[Black "Bankhede, Shivkumar"]
[Result "0-1"]
[WhiteElo "1000"]
[BlackElo "1388"]
[PlyCount "44"]

1. e4 e5 2. Nf3 Nc6 3. d4 d6 4. Bb5 Bd7 5. Bxc6 Bxc6 6. Nc3 exd4 7. Nxd4 Bd7 8.
O-O Nf6 9. Re1 Be7 10. e5 dxe5 11. Rxe5 O-O 12. Bg5 h6 13. Bh4 Re8 14. Nd5 Nxd5
15. Bxe7 Nxe7 16. Qd2 Ng6 17. Rd5 Ne7 18. Re5 Bc6 19. Rd1 Ng6 20. Rf5 Nh4 21.
Nxc6 Qxd2 22. Rxd2 Re1# 0-1

[Event "Summer Team Tournament 2020"]
[Site "Skype"]
[Date "????.??.??"]
[Round "4"]
[White "Thavorath, Nirandas"]
[Black "Carlos Souza, Fernando"]
[Result "0-1"]
[WhiteElo "1000"]
[BlackElo "1000"]
[PlyCount "68"]

1. c4 e6 2. Nc3 Nf6 3. g3 c6 4. Bg2 Be7 5. Nf3 O-O 6. O-O d5 7. cxd5 cxd5 8. d3
Nc6 9. Re1 d4 10. Ne4 Bd7 11. a3 Rc8 12. Bf4 Nd5 13. e3 Nxf4 14. exf4 Qc7 15.
Rc1 Qb6 16. b4 Nb8 17. Nc5 Bxc5 18. bxc5 Rxc5 19. Rb1 Rb5 20. Rxb5 Bxb5 21. Ne5
Nd7 22. Nc4 Bxc4 23. dxc4 Rd8 24. Re4 Nf6 25. Re5 d3 26. Rb5 Qd4 27. Qb3 Qa1+
28. Qb1 Qxa3 29. Bf3 d2 30. Bd1 Qc1 31. Qb3 b6 32. Rb4 Ne4 33. Kf1 Nc3 34. Ra4
Nxd1 0-1

[Event "Summer Team Tournament 2020"]
[Site "Skype"]
[Date "????.??.??"]
[Round "4"]
[White "Deville, Olivier"]
[Black "Cuellar, Jose Gabriel"]
[Result "1-0"]
[WhiteElo "2023"]
[BlackElo "1686"]
[PlyCount "49"]

1. d4 Nf6 2. c4 g6 3. Nc3 Bg7 4. Nf3 c6 5. e4 O-O 6. Be2 d6 7. O-O Nbd7 8. Re1
e5 9. d5 c5 10. a3 a6 11. b4 b6 12. Rb1 Ne8 13. Nd2 f5 14. Nb3 f4 15. Bg4 Ndf6
16. Bxc8 Qxc8 17. bxc5 bxc5 18. Na5 Nh5 19. Nc6 Qd7 20. f3 Bf6 21. Re2 Nc7 22.
Reb2 Bd8 23. Rb7 Nf6 24. Na4 Nfe8 25. Nb6 1-0

[Event "Summer Team Tournament 2020"]
[Site "Skype"]
[Date "????.??.??"]
[Round "4"]
[White "Aceituno, Stebe"]
[Black "Pouteau, Pascal"]
[Result "0-1"]
[WhiteElo "1590"]
[BlackElo "1454"]
[PlyCount "70"]

1. Nf3 d5 2. b3 Nf6 3. Bb2 e6 4. g3 Bd6 5. Bg2 Bd7 6. d3 Bc6 7. Nbd2 Nbd7 8.
O-O O-O 9. Nd4 Re8 10. Nxc6 bxc6 11. Nf3 e5 12. Re1 Bc5 13. e3 Rb8 14. d4 exd4
15. Nxd4 Rb6 16. a4 a5 17. Bc3 Bb4 18. Bxb4 axb4 19. a5 Ra6 20. Bf1 Ra8 21.
Nxc6 Qc8 22. Nxb4 Ne4 23. Bd3 Ndf6 24. Qf3 Qb7 25. c3 c5 26. a6 Qd7 27. Nc2 Re5
28. c4 Rf5 29. Qg2 Rxf2 30. Qh1 Ng4 31. Bxe4 dxe4 32. Qxe4 Re8 33. Qb7 Qd2 34.
a7 Rf1+ 35. Rxf1 Qxh2# 0-1

[Event "Summer Team Tournament 2020"]
[Site "Skype"]
[Date "????.??.??"]
[Round "4"]
[White "Vincent, Andre"]
[Black "Rodriguez, Liliana"]
[Result "1/2-1/2"]
[WhiteElo "1328"]
[BlackElo "1000"]
[PlyCount "55"]

1. d4 d5 2. Bf4 Nf6 3. Nf3 Bf5 4. Nbd2 h6 5. Ne5 e6 6. e3 Qe7 7. Be2 Nbd7 8. c3
g5 9. Bg3 O-O-O 10. h3 a6 11. f4 Bg7 12. Bg4 Ne4 13. Nxe4 Bxe4 14. Qe2 Rhf8 15.
O-O f5 16. Ng6 Qf6 17. Nxf8 Nxf8 18. Bf3 Ng6 19. Rac1 g4 20. Bxe4 dxe4 21. hxg4
Ne7 22. g5 hxg5 23. Qc4 g4 24. a4 Nc6 25. b4 Rd5 26. Rfd1 Bf8 27. Qb3 Qf7 28.
c4 1/2-1/2

[Event "Summer Team Tournament 2020"]
[Site "Skype"]
[Date "????.??.??"]
[Round "4"]
[White "Guevara, Lizbeth"]
[Black "Gagnon, Sindy"]
[Result "1-0"]
[WhiteElo "1000"]
[BlackElo "1031"]
[PlyCount "71"]

1. e4 e5 2. Nf3 d5 3. Bb5+ Nd7 4. Nxe5 dxe4 5. Qe2 c6 6. Qh5 Nxe5 7. Qxe5+ Ne7
8. Bc4 b5 9. Be2 f6 10. Bh5+ g6 11. Qxe4 gxh5 12. d4 f5 13. Qe5 Rg8 14. Bf4 Kd7
15. Nc3 Ng6 16. Qxf5+ Ke8 17. Qe4+ Be7 18. Bh6 Nh4 19. O-O-O b4 20. Qxh7 Rxg2
21. Qh8+ Bf8 22. Rhe1+ Kd7 23. Qh7+ Be7 24. Ne4 Kc7 25. Bf4+ Kb7 26. Nc5+ Kb6
27. Na4+ Kb5 28. b3 Be6 29. Rxe6 Qd7 30. Qd3+ Ka5 31. Re5+ c5 32. Rxh5 Rxf2 33.
Bg3 Rg2 34. Re5 Bf6 35. Rxc5+ Qb5 36. Qxb5# 1-0

[Event "Summer Team Tournament 2020"]
[Site "Skype"]
[Date "????.??.??"]
[Round "4"]
[White "Lopes, Marcia Maria"]
[Black "Lezcano, Reina"]
[Result "1-0"]
[WhiteElo "1363"]
[BlackElo "1481"]
[PlyCount "59"]

1. e4 c5 2. Nc3 d6 3. Bc4 Nf6 4. f4 Qc7 5. d3 e5 6. f5 Nc6 7. a3 Be7 8. Nf3 O-O
9. O-O Nd4 10. Nxd4 exd4 11. Ne2 a6 12. Qe1 b5 13. Ba2 Bb7 14. Qg3 c4 15. Bh6
Nh5 16. Qg4 Bf6 17. Bg5 Bxg5 18. Qxh5 Bf6 19. Rf3 cxd3 20. Rxd3 Qxc2 21. Rb3
Bxe4 22. Rc1 Qd2 23. Rh3 h6 24. Qg4 d3 25. Qf4 Qxe2 26. Rg3 Be5 27. Rxg7+ Kxg7
28. f6+ Kh8 29. Qxh6+ Bh7 30. Qg7# 1-0

[Event "Summer Team Tournament 2020"]
[Site "Skype"]
[Date "????.??.??"]
[Round "4"]
[White "Vasquez Giraldo, Yobani"]
[Black "Carvalho, Cleiton Francisco de"]
[Result "1/2-1/2"]
[WhiteElo "1150"]
[BlackElo "1000"]
[PlyCount "52"]

1. e4 e5 2. Nf3 Nc6 3. Bc4 d6 4. Nc3 Bg4 5. Nd5 Qd7 6. O-O Nd4 7. Be2 Nxe2+ 8.
Qxe2 c6 9. Ne3 Bh5 10. Nf5 Nf6 11. d3 h6 12. c4 g5 13. h3 g4 14. hxg4 Bxg4 15.
Qe3 Bxf5 16. exf5 Qxf5 17. Nh2 Rg8 18. f3 Qg6 19. Rf2 Kd7 20. Bd2 h5 21. Kf1
Qg3 22. Kg1 h4 23. Nf1 Qg6 24. Nh2 Qg3 25. Nf1 Qg6 26. Nh2 Qg3 1/2-1/2

[Event "Summer Team Tournament 2020"]
[Site "Skype"]
[Date "????.??.??"]
[Round "4"]
[White "Dorneles, Luis Eduardo"]
[Black "Rodriguez, Gisselle"]
[Result "1-0"]
[WhiteElo "1011"]
[BlackElo "1000"]
[PlyCount "75"]

1. e4 d5 2. exd5 e5 3. Nc3 Bc5 4. Nf3 Bf5 5. Nxe5 Ne7 6. Bc4 O-O 7. O-O Nd7 8.
Nxd7 Qxd7 9. Re1 c6 10. Qf3 Rae8 11. d3 cxd5 12. Nxd5 Nxd5 13. Bd2 Re6 14. Bxd5
Bb4 15. Bxb4 Rxe1+ 16. Rxe1 Re8 17. Bd2 g6 18. Be4 Bxe4 19. Rxe4 Rxe4 20. Qxe4
Qe6 21. Qxe6 fxe6 22. c4 e5 23. b4 b6 24. c5 bxc5 25. bxc5 a5 26. c6 Kf7 27. c7
h5 28. c8=Q g5 29. Qc4+ Kf6 30. Qc6+ Kf5 31. f3 g4 32. Kf2 gxf3 33. gxf3 h4 34.
Bh6 e4 35. Bg7 exf3 36. Kxf3 Kg5 37. Qf6+ Kh5 38. Qh6# 1-0

[Event "Summer Team Tournament 2020"]
[Site "Skype"]
[Date "????.??.??"]
[Round "4"]
[White "Le Brun, Yves"]
[Black "Davis, Michael"]
[Result "1-0"]
[WhiteElo "1611"]
[BlackElo "1530"]
[PlyCount "61"]

1. d4 d5 2. Bf4 Nf6 3. Nd2 Nc6 4. c3 Bf5 5. Ngf3 e6 6. e3 a6 7. Ne5 Nxe5 8.
dxe5 Ne4 9. g4 Nxd2 10. gxf5 Nxf1 11. fxe6 Nxe3 12. exf7+ Kxf7 13. Bxe3 g6 14.
Qg4 Qe7 15. Qf3+ Ke6 16. Rd1 c6 17. O-O Bg7 18. Qg4+ Kf7 19. Bg5 Qe6 20. Qh4
Raf8 21. Rde1 Qf5 22. Qg3 Ke6 23. Re2 Qf3 24. Qxf3 Rxf3 25. Kg2 Rhf8 26. Bh4
R3f5 27. Bg3 Rg5 28. f4 Rgf5 29. h4 h5 30. Ref2 R8f7 31. Rf3 1-0

[Event "Summer Team Tournament 2020"]
[Site "Skype"]
[Date "????.??.??"]
[Round "4"]
[White "Rosenkoetter, David"]
[Black "Galani, Mahendra"]
[Result "0-1"]
[WhiteElo "1286"]
[BlackElo "1458"]
[PlyCount "84"]

1. e4 e5 2. Nf3 Nc6 3. d4 exd4 4. Nxd4 Ne5 5. Bf4 Ng6 6. Bg3 d6 7. Bc4 Nh6 8.
h3 Be7 9. Nf3 O-O 10. O-O Bf6 11. c3 Qe7 12. Nbd2 Ne5 13. Nxe5 dxe5 14. Nf3 Qc5
15. Qe2 c6 16. b4 Qe7 17. Rad1 b5 18. Bb3 a5 19. Kh2 a4 20. Bc2 Be6 21. a3 Kh8
22. Nxe5 Bxe5 23. Bxe5 Bc4 24. Bd3 Qxe5+ 25. Kh1 Be6 26. f4 Qxc3 27. f5 Bb3 28.
Rc1 Qe5 29. Rxc6 Rab8 30. Rc5 Qg3 31. Rf3 Qh4 32. Re3 f6 33. e5 fxe5 34. Rcxe5
Nf7 35. Re8 Qf4 36. Rxf8+ Rxf8 37. f6 gxf6 38. g3 Qb8 39. Qh5 Ng5 40. Re7 Bd5+
41. Kh2 Bf7 42. Be4 Bxh5 0-1

[Event "Summer Team Tournament 2020"]
[Site "Skype"]
[Date "????.??.??"]
[Round "4"]
[White "Milanese, Serge"]
[Black "Reese, Evan"]
[Result "1-0"]
[WhiteElo "1277"]
[BlackElo "1235"]
[PlyCount "47"]

1. d4 d5 2. Bf4 Nf6 3. e3 b6 4. Nf3 Bb7 5. Nbd2 e6 6. Bd3 Be7 7. c3 Nbd7 8. Ne5
O-O 9. Bg3 c5 10. h4 c4 11. Bc2 b5 12. a3 Ne4 13. Nxd7 Qxd7 14. Bf4 f6 15. Qf3
e5 16. Nxe4 exf4 17. Nc5 Bxc5 18. dxc5 Qc7 19. h5 Rae8 20. h6 d4 21. Bxh7+ Kxh7
22. hxg7+ Kxg7 23. Qg4+ Kf7 24. Rh7# 1-0

[Event "Summer Team Tournament 2020"]
[Site "Skype"]
[Date "????.??.??"]
[Round "4"]
[White "Alverson, Ginny"]
[Black "Hernandez, Ivan"]
[Result "1-0"]
[WhiteElo "1016"]
[BlackElo "1000"]
[PlyCount "41"]

1. Nf3 d5 2. d4 Nf6 3. Nbd2 g6 4. e3 Bg7 5. Bb5+ c6 6. Bd3 O-O 7. O-O b5 8. Ne5
Bb7 9. Ng4 Nbd7 10. Nxf6+ Bxf6 11. Qg4 e6 12. Nf3 Bg7 13. Ng5 Nf6 14. Qh4 c5
15. dxc5 d4 16. exd4 Bxg2 17. Kxg2 Qd5+ 18. f3 a5 19. Rg1 e5 20. Be4 Nxe4 21.
Qxh7# 1-0

[Event "Summer Team Tournament 2020"]
[Site "Skype"]
[Date "????.??.??"]
[Round "4"]
[White "Alvarez, Juan Evangelista"]
[Black "Bourdeau, Yvan"]
[Result "0-1"]
[WhiteElo "1575"]
[BlackElo "1622"]
[PlyCount "114"]

1. d4 Nf6 2. Bf4 e6 3. Nf3 b6 4. e3 Bb7 5. Bd3 Bd6 6. Ne5 Nc6 7. Nd2 Bxe5 8.
dxe5 Nd5 9. Bg3 Ndb4 10. Be2 d6 11. c3 Nd5 12. Nf3 dxe5 13. Bd3 Qd6 14. Qe2
O-O-O 15. O-O f6 16. Nd2 Nxc3 17. bxc3 Qxd3 18. Qxd3 Rxd3 19. Ne4 Ne7 20. f3
Bxe4 21. fxe4 Rxe3 22. Rfc1 Rxe4 23. c4 Kb7 24. a4 Nc6 25. Bf2 Rd8 26. c5 Nd4
27. Rcb1 Ne2+ 28. Kf1 Nc3 29. Rc1 Nxa4 30. cxb6 cxb6 31. Ra2 Rc8 32. Rca1 b5
33. g3 a6 34. Rd2 Rec4 35. Kg2 Rc2 36. Rd7+ R2c7 37. Rd6 Rc6 38. Rd7+ R8c7 39.
Rad1 Rxd7 40. Rxd7+ Rc7 41. Rd6 b4 42. Rd1 b3 43. Be1 b2 44. Rb1 Rc1 45. Rxb2+
Nxb2 46. Bb4 Nd3 47. Be7 e4 48. g4 Ne5 49. g5 e3 50. gxf6 gxf6 51. Bxf6 e2 52.
Bh4 e1=Q 53. Bxe1 Rxe1 54. Kf2 Rb1 55. h4 a5 56. Ke2 a4 57. Kd2 a3 0-1

[Event "Summer Team Tournament 2020"]
[Site "Skype"]
[Date "????.??.??"]
[Round "4"]
[White "Pasasin, Alejandro"]
[Black "Briere, Jean"]
[Result "1/2-1/2"]
[WhiteElo "1251"]
[BlackElo "1388"]
[PlyCount "72"]

1. d4 d5 2. Nf3 Nc6 3. Bf4 Nf6 4. Nbd2 Bf5 5. e3 a6 6. c3 e6 7. Be2 Bd6 8. Bg3
O-O 9. Ne5 Bxe5 10. dxe5 Ne4 11. Nf3 Bg4 12. Bh4 f6 13. exf6 Nxf6 14. h3 Bxf3
15. Bxf3 Qe8 16. Bg3 Qf7 17. O-O Rad8 18. Qb3 Na5 19. Qb4 b6 20. Qa4 Qd7 21.
Qc2 c5 22. Rad1 Qe8 23. Bc7 Rc8 24. Bxb6 Nc4 25. Bxc5 Rxc5 26. Be2 Ne4 27. b4
Na3 28. Qb2 Rxc3 29. Bd3 Nc4 30. Bxc4 Rxc4 31. a3 Qg6 32. Kh2 Qf6 33. Qxf6 Rxf6
34. f3 Ng5 35. Rc1 Rxc1 36. Rxc1 e5 1/2-1/2

[Event "Summer Team Tournament 2020"]
[Site "Skype"]
[Date "????.??.??"]
[Round "4"]
[White "Schnell, Nicolas"]
[Black "Martinez, Danny"]
[Result "0-1"]
[WhiteElo "1104"]
[BlackElo "1000"]
[PlyCount "46"]

1. e4 e5 2. Nf3 Nc6 3. Bc4 Be7 4. O-O Nf6 5. Ng5 O-O 6. Qf3 h6 7. Nh3 d6 8. Nf4
exf4 9. d3 Ne5 10. Qxf4 Nxc4 11. dxc4 Be6 12. b3 Re8 13. Rd1 Bf8 14. e5 Nd7 15.
Qg3 g6 16. Re1 Bg7 17. exd6 Bxc4 18. Rd1 Qf6 19. Nc3 Qxc3 20. Qxc3 Bxc3 21. Rb1
Be2 22. Rd5 Bg4 23. dxc7 Re1# 0-1